Prohibition and control of pollution in the rubber industry- Promulgation of regulations (Record no. 65924)

MARC details
000 -LEADER
fixed length control field 00417nam a2200121Ia 4500
100 ## - MAIN ENTRY--AUTHOR NAME
Personal name Maheswaran A
245 #0 - TITLE STATEMENT
Title Prohibition and control of pollution in the rubber industry- Promulgation of regulations
260 ## - PUBLICATION, DISTRIBUTION, ETC. (IMPRINT)
Name of publisher Proceedings of the RRIM Planters Conference, Kuala Lumpur, 1977; p189-200
650 ## - SUBJECT ADDED ENTRY--TOPICAL TERM
Topical Term Pollution control
650 ## - SUBJECT ADDED ENTRY--TOPICAL TERM
Topical Term Rubber industry
942 ## - ADDED ENTRY ELEMENTS (KOHA)
Koha item type Journals
Holdings
Withdrawn status Lost status Damaged status Not for loan Home library Current library Shelving location Date acquired Koha item type
      Journals RRII Library RRII Library Rubber general 17/12/2021 Journals